000 00436 a2200193 4500
001 107081
020 _a9780723294955
041 _apor
090 _aToddler [E]
250 _a. ed.
300 _a1 v.(unpaged)
490 _aBaby touch
830 _aBaby touch
856 _u000012/00001208.jpg
040 _aBR-BrIDEA
_cBR-BrIDEA
245 1 0 _aBaby touch
_bnight! night! /.
260 _a[S.l.]
_bLadybird
_c2015
942 _cBK
999 _c107081
_d107081